El grado cero de la escritura seguido de nuevos ensayos criticos
Сохранить в:
| Главный автор: | |
|---|---|
| Формат: | |
| Язык: | Undetermined |
| Опубликовано: |
México, Distrito Federal
Siglo Veintiuno
1978
|
| Редактирование: | 3 |
| Предметы: | |
| Метки: |
Добавить метку
Нет меток, Требуется 1-ая метка записи!
|
MARC
| LEADER | 00000nam a2200000Ia 4500 | ||
|---|---|---|---|
| 008 | 170316s9999 xx 000 0 und d | ||
| 090 | |a 801 B-7g | ||
| 100 | |a Barthes, Roland | ||
| 245 | |a El grado cero de la escritura seguido de nuevos ensayos criticos | ||
| 250 | |a 3 | ||
| 260 | |a México, Distrito Federal | ||
| 260 | |b Siglo Veintiuno | ||
| 260 | |c 1978 | ||
| 300 | |a 247 páginas | ||
| 650 | |a TEORÍA LITERARIA | ||
| 650 | |a ESCRITURA - HISTORIA | ||
| 650 | |a ENSAYOS CRÍTICOS | ||
| 999 | |c 20131 |d 20131 | ||
| 040 | |a cru BVZT | ||
| 942 | |c 15 D |h 801 B-7g |2 z | ||
